Project management (Record no. 107981)

MARC details
000 -LEADER
fixed length control field 01091cam a22002535a 4500
001 - CONTROL NUMBER
control field L142804
008 - FIXED-LENGTH DATA ELEMENTS--GENERAL INFORMATION
fixed length control field 080311s2007 xxk d f 001 0 eng d
020 ## - INTERNATIONAL STANDARD BOOK NUMBER
International Standard Book Number 9780566087721
035 ## - SYSTEM CONTROL NUMBER
System control number (Sirsi) u142804
041 0# - LANGUAGE CODE
Language code of text/sound track or separate title eng
050 04 - LIBRARY OF CONGRESS CALL NUMBER
Classification number 658.404 $2 22
100 1# - MAIN ENTRY--PERSONAL NAME
Personal name Lock, Dennis
245 00 - TITLE STATEMENT
Title Project management
250 ## - EDITION STATEMENT
Edition statement 9th ed.
260 ## - PUBLICATION, DISTRIBUTION, ETC.
Place of publication, distribution, etc. Aldershot
Name of publisher, distributor, etc. Gower
Date of publication, distribution, etc. 2007
300 ## - PHYSICAL DESCRIPTION
Extent xvii, 520p.
Dimensions 25cm.
350 ## - PRICE (NR) (BK AM CF MU VM SE) [OBSOLETE]
Price 30
520 ## - SUMMARY, ETC.
Summary, etc. This standard text provides an in-depth explanation of the principles and practice of project management. The sequence of chapters closely follows the life-cycle of a typical project from its initial conception to project closure. The expansion of the text has enabled greater emphasis to be given to stakeholders' perceptions of success, the organisation and management of business change projects, people's roles in project management, and the wider business contexts in which project management has been adopted.
521 2# - TARGET AUDIENCE NOTE
Target audience note Advanced
651 #4 - SUBJECT ADDED ENTRY--GEOGRAPHIC NAME
Geographic name United Kingdom
Chronological subdivision
690 ## - LOCAL SUBJECT ADDED ENTRY--TOPICAL TERM (OCLC, RLIN)
Topical term or geographic name as entry element Project management
9 (RLIN) 6261
942 ## - ADDED ENTRY ELEMENTS (KOHA)
Suppress in OPAC 0
Holdings
Withdrawn status Lost status Source of classification or shelving scheme Damaged status Not for loan Home library Current library Shelving location Date acquired Cost, normal purchase price Total Checkouts Full call number Barcode Date last seen Date last checked out Copy number Cost, replacement price Price effective from Koha item type
    Dewey Decimal Classification     London London Books 18/03/2008 30.00 13 658.404 LOC 30072705 06/08/2019 01/11/2009 1 30.00 06/08/2019 Book